LEADER 00952nam0-22003251i-450- 001 990003132110403321 010 $a88-7104-885-7 035 $a000313211 035 $aFED01000313211 035 $a(Aleph)000313211FED01 035 $a000313211 100 $a20000920d1994----km-y0itay50------ba 101 0 $aita 102 $aIT 200 1 $a<>minorenni e la droga$euna ricerca sulla realtà umbra$fAmbrogio Santambrogio. 210 $aNapoli$cEdizioni Scientifiche Italiane$d1994. 215 $a253 p.$d24 cm 225 1 $aCollana di scienze sociali / Università degli Studi di Perugia$v1 610 0 $aDevianza sociale 610 0 $aGiovani e droga 676 $a15230 676 $a20150 700 1$aSantambrogio,$bAmbrogio$0120029 801 0$aIT$bUNINA$gRICA$2UNIMARC 901 $aBK 912 $a990003132110403321 952 $a20150 SAN$b17376$fSES 959 $aSES 996 $aMinorenni e la droga$9456773 997 $aUNINA LEADER 02025oam 2200517zu 450 001 996203721103316 005 20210807003348.0 035 $a(CKB)111026746714924 035 $a(SSID)ssj0000451213 035 $a(PQKBManifestationID)12160992 035 $a(PQKBTitleCode)TC0000451213 035 $a(PQKBWorkID)10459769 035 $a(PQKB)10952642 035 $a(EXLCZ)99111026746714924 100 $a20160829d1996 uy 101 0 $aeng 181 $ctxt 182 $cc 183 $acr 200 10$aISAP'96 : International Conference on Intelligent Systems Applications to Power Systems : proceedings, Orlando, Florida, USA, January 28-February 2, 1996 210 31$a[Place of publication not identified]$cInstitute of Electrical and Electronics Engineers$d1996 300 $aBibliographic Level Mode of Issuance: Monograph 311 $a0-7803-3115-X 606 $aElectric power systems$xCongresses 606 $aArtificial intelligence$xCongresses 606 $aElectrical & Computer Engineering$2HILCC 606 $aEngineering & Applied Sciences$2HILCC 606 $aElectrical Engineering$2HILCC 615 0$aElectric power systems$xCongresses 615 0$aArtificial intelligence$xCongresses 615 7$aElectrical & Computer Engineering 615 7$aEngineering & Applied Sciences 615 7$aElectrical Engineering 676 $a621.31 702 $aTomsovic$b Kevin 702 $aMohammed$b O. A 712 02$aNational Science Foundation (U.S.) 712 02$aIEEE Neural Networks Council 712 02$aIEEE Power Engineering Society 712 02$aInstitute of Electrical and Electronics Engineers 712 12$aInternational Conference on Intelligent Systems Applications to Power Systems 801 0$bPQKB 906 $aBOOK 912 $a996203721103316 996 $aISAP'96 : International Conference on Intelligent Systems Applications to Power Systems : proceedings, Orlando, Florida, USA, January 28-February 2, 1996$92496225 997 $aUNISA